| 000 -LEADER |
| fixed length control field |
01127pab a2200133 454500 |
| 008 - FIXED-LENGTH DATA ELEMENTS--GENERAL INFORMATION |
| fixed length control field |
180718b xxu||||| |||| 00| 0 eng d |
| 100 ## - MAIN ENTRY--PERSONAL NAME |
| Personal name |
Raadschelders Jos C.N. |
| 245 ## - TITLE STATEMENT |
| Title |
Administrative history: contents, meaning and usefulness |
| 362 ## - DATES OF PUBLICATION AND/OR SEQUENTIAL DESIGNATION |
| Dates of publication and/or sequential designation |
60(1), Mar 1994, p.117-29 |
| 520 ## - SUMMARY, ETC. |
| Summary, etc. |
The article focusses administrative history should also have an eye for the legitimacy of government, the societal context in which it is embedided, as well as the balance between public and private institutions. Many authors would agree with the idea that the development of administration cannot be understood without attention to the society in which it is embedded. Webers(1980) theory on bureaucratization makes more sense when presented in relation to his theory of the rationalization process. Therefore questions about the function of administration/government and politics in society in various ages are important, as are question about the relationship and citizen and between public and private actors in its |
| 650 ## - SUBJECT ADDED ENTRY--TOPICAL TERM |
| Topical term or geographic name entry element |
Public Administration -- History |
| 773 ## - HOST ITEM ENTRY |
| Main entry heading |
International Review of Administrative Science |
| 909 ## - |
| -- |
27555 |